000 00305nam a2200121 a 4500
008 101214s1981|||| d
100 1 _aBohmová, Grunfeldová
245 1 0 _aKlavírní škola pro začátečníky
260 _bEditio supraphon
_aPraha
_c1981
020 _c19
041 _aces
044 _aCZ
999 _c14236
_d14236